| 000 | 00466nam a22001577a 4500 | ||
|---|---|---|---|
| 003 | macl | ||
| 005 | 20250404161820.0 | ||
| 008 | 250404b |||||||| |||| 00| 0 eng d | ||
| 040 | _cmacl | ||
| 082 | _a620 | ||
| 100 |
_a A.K.Mahajan _983095 |
||
| 245 | _aRRB JE Capsule Electrical & Allied Engineering Stage II Point to Point Theory +Mcq's1864+Objective Questions | ||
| 260 |
_aPrayagraj _bYouth Pub. |
||
| 650 |
_a Electrical Eng. _983096 |
||
| 942 |
_2ddc _cC. BOOKS |
||
| 999 |
_c67871 _d67871 |
||